|
|
|
|
| LEADER |
00625nam a22001577a 4500 |
| 020 |
|
|
|a 978 81 8031 240 3
|
| 082 |
|
|
|a H891.431 092
|b SUR/K
|
| 100 |
|
|
|a सुरति, उर्वशी
|
| 245 |
|
|
|a कबीर: जीवन और दर्शन
|
| 260 |
|
|
|a New Delhi
|b Lokbharati
|c 2011
|
| 300 |
|
|
|a 200p.
|
| 650 |
|
|
|a Kabir: Jivan aur darsan
|a HIndi poet- biography and criticism
|a Hindi literature
|
| 700 |
|
|
|a Urvasi Sarati
|
| 942 |
|
|
|c BK
|
| 999 |
|
|
|c 33101
|d 33101
|
| 952 |
|
|
|0 0
|1 0
|4 0
|6 H_891_431000000000000_092_SURK
|7 0
|8 Stack
|9 35021
|a KUCL
|b KUCL
|c Stack
|d 2015-06-20
|g 295.00
|l 0
|o H891.431 092 SUR/K
|p 38642
|r 2015-06-20
|w 2015-06-20
|y BK
|